|
|
|
|
| LEADER |
00558nam a22001577a 4500 |
| 003 |
OSt |
| 005 |
20200624134442.0 |
| 008 |
150623b xxu||||| |||| 00| 0 eng d |
| 082 |
|
|
|a 346.07 GOV/T
|
| 100 |
|
|
|a Govindan Namboothiri, G.
|
| 245 |
|
|
|a Thozhil niyamangal/
|c G. Govindan Namboothiri
|
| 260 |
|
|
|a Trivandrum:
|b State Institute of Languages,
|c 1996
|
| 300 |
|
|
|a 230p.
|
| 942 |
|
|
|2 ddc
|c BK
|
| 999 |
|
|
|c 319705
|d 319705
|
| 952 |
|
|
|0 0
|1 0
|2 ddc
|4 0
|6 346_070000000000000_GOV_T
|7 0
|9 366035
|a CSC
|b CSC
|c ST1
|d 2015-06-23
|g 0.00
|i 9155
|l 0
|o 346.07 GOV/T
|p CSC9155
|r 2015-06-23
|w 2015-06-23
|y BK
|